00553nam a22002057a 450000500170000000800410001702000150005808200170007310000200009024500240011026000330013430000130016765000140018065000130019465000140020765000170022194200060023895200880024499900150033220250429100454.0250429b |||||||| |||| 00| 0 eng d a817720002X 222a294bNAA aAylaiyaa kaacha aNaan ean inthu alla aPuthanathambAdaiyalamc2001 a183 p ., aThathuvam aPanpaddu aPolitical aPorulatharam cL 001040708LaWERCLbWERCLd2025-04-29l0o294 NAAp294r2025-04-29w2025-04-29yL c6027d6027